[Event "Porz"]
[Site "Porz"]
[Date "1988.??.??"]
[Round "?"]
[White "Gutman, Lev"]
[Black "Fleck, Juergen"]
[Result "1-0"]
[WhiteElo "2490"]
[BlackElo "2415"]
[PlyCount "85"]
[EventDate "1988.12.??"]
[Source "ChessBase"]

1. Nf3 f5 2. g3 Nf6 3. Bg2 g6 4. O-O Bg7 5. c3 O-O 6. d4 d5 7. b4 Be6 8. a4 Kh8 9. b5 Nbd7 10. c4 c5 11. Bb2 Ne4 12. Nbd2 Nb6 13. cxd5 Bxd5 14. Nxe4 Bxe4 15. Rc1 Rc8 16. a5 Nd5 17. Qb3 Qxa5 18. dxc5 Qb4 19. Bxg7+ Kxg7 20. Qxb4 Nxb4 21. Rc4 Nd5 22. Ne5 Bxg2 23. Kxg2 Rfd8 24. Ra1 Kf6 25. Nd3 Nc7 26. Rxa7 Nxb5 27. Rxb7 Nd6 28. Rb6 Kg7 29. Rd4 Ne4 30. Rxd8 Rxd8 31. f3 Nc3 32. Kf2 Rd4 33. Ke3 Rc4 34. Kd2 Nd5 35. Re6 Ra4 36. Re5 Ra2+ 37. Ke1 Nc3 38. Rxe7+ Kf6 39. Re8 Rc2 40. h4 Kf7 41. Re5 Kf6 42. c6 Na4 43. Ra5 1-0

[Event "HUN-chT2 9394"]
[Site "HUN"]
[Date "1994.??.??"]
[Round "?"]
[White "Loginov, Valery A"]
[Black "Haag, Ervin"]
[Result "1-0"]
[WhiteElo "2540"]
[BlackElo "2365"]
[PlyCount "61"]
[EventDate "1993.??.??"]
[Source "www.chesslib.no"]
[SourceDate "2004.05.04"]

1. Nf3 f5 2. b3 Nf6 3. Bb2 e6 4. g3 b6 5. Bg2 Bb7 6. O-O Be7 7. c4 O-O 8. Nc3 d6 9. e3 Qd7 10. Qe2 a5 11. Rac1 Nc6 12. d4 Rab8 13. Rfd1 Nd8 14. d5 g6 15. dxe6 Nxe6 16. Nd5 Nxd5 17. cxd5 Nc5 18. Qc2 Bf6 19. Bxf6 Rxf6 20. a3 Rf7 21. Ng5 Re7 22. b4 axb4 23. axb4 Na6 24. Rd4 Rbe8 25. h4 Re5 26. Qd3 Qa4 27. b5 Nc5 28. Rxa4 Nxd3 29. Rxc7 Bxd5 30. Bxd5+ Rxd5 31. Nxh7 1-0

[Event "Tula (Russia)"]
[Site "?"]
[Date "2004.07.14"]
[Round "12"]
[White "Brikov Illarion"]
[Black "Malaniuk Vladimir P"]
[Result "0-1"]
[WhiteElo "2388"]
[BlackElo "2513"]
[PlyCount "62"]
[EventDate "2004.??.??"]
[Source "www.chesslib.no"]
[SourceDate "2004.05.04"]

1. Nf3 f5 2. e4 fxe4 3. Ng5 e5 4. d3 e3 5. Bxe3 Nc6 6. c3 Be7 7. h4 Nf6 8. d4 d5 9. dxe5 Nxe5 10. Bd4 Qd6 11. Na3 a6 12. Nc2 c5 13. Bxe5 Qxe5+ 14. Ne3 d4 15. Qb3 Rf8 16. Bc4 Bd7 17. Bf7+ Kd8 18. O-O-O b5 19. Rhe1 Qd6 20. Qc2 g6 21. Ne4 Nxe4 22. Qxe4 Rc8 23. Bb3 Rf4 24. Qb7 Qc6 25. Qxc6 Bxc6 26. Be6 Rc7 27. g3 Rxf2 28. cxd4 cxd4 29. Nc2 Rxc2+ 30. Kxc2 Be4+ 31. Kd2 Rc2# 0-1

[Event "Yerevan"]
[Site "Erevan ARM"]
[Date "1982.??.??"]
[Round "13"]
[White "Robatsch, Karl"]
[Black "Savon, Vladimir A"]
[Result "1/2-1/2"]
[WhiteElo "2415"]
[BlackElo "2485"]
[PlyCount "40"]
[EventDate "1982.??.??"]
[Source "www.chesslib.no"]
[SourceDate "2004.05.04"]

1. Nf3 f5 2. g3 Nf6 3. Bg2 g6 4. b3 Bg7 5. Bb2 O-O 6. O-O b6 7. Ne5 c6 8. d4 Bb7 9. Nd2 d5 10. c4 Nbd7 11. cxd5 cxd5 12. Nd3 e6 13. Rc1 Qe7 14. Nf3 Rac8 15. Rxc8 Rxc8 16. Qb1 Ne4 17. Rc1 Qe8 18. Rc2 Bf8 19. Qc1 Rxc2 20. Qxc2 Qc8 1/2-1/2

[Event "WYb18"]
[Site "Kemer TUR"]
[Date "2007.11.24"]
[Round "7"]
[White "Melkumyan, H."]
[Black "Samolins, V."]
[Result "0-1"]
[WhiteElo "2469"]
[BlackElo "2428"]
[PlyCount "86"]
[EventDate "2007.11.18"]
[Source "www.chesslib.no"]
[SourceDate "2004.05.04"]

1. Nf3 f5 2. d3 d6 3. e4 e5 4. Nc3 Nc6 5. exf5 Bxf5 6. d4 e4 7. d5 exf3 8. dxc6 bxc6 9. Qxf3 Qd7 10. Ba6 Rb8 11. O-O Be7 12. Re1 Nf6 13. Bg5 Kf7 14. h3 Rhe8 15. Ne2 Be4 16. Qg3 h6 17. Bd2 d5 18. Bc3 Bxc2 19. Rac1 Be4 20. f3 Bh7 21. Bd4 Bd6 22. Qh4 Rb4 23. Qf2 c5 24. Bxc5 Rxb2 25. Bxd6 Qxd6 26. Qxa7 Re7 27. a4 c5 28. Qxc5 Qxa6 29. Nd4 Rxe1+ 30. Rxe1 Qb6 31. Re7+ Kg6 32. Qxb6 Rxb6 33. Ne6 Nh5 34. Nc7 Bg8 35. a5 Rb7 36. a6 Ra7 37. g4 Nf6 38. h4 d4 39. g5 hxg5 40. hxg5 Nh5 41. Kf2 Bc4 42. f4 Nxf4 43. Kg3 Ne6 0-1

[Event "Kotov Memorial"]
[Site "Tallinn EST"]
[Date "1986.??.??"]
[Round "?"]
[White "Stohl, Igor"]
[Black "Glek, Igor V"]
[Result "0-1"]
[WhiteElo "2465"]
[BlackElo "2430"]
[PlyCount "70"]
[EventDate "1986.??.??"]
[Source "www.chesslib.no"]
[SourceDate "2004.05.04"]

1. Nf3 f5 2. g3 Nf6 3. Bg2 e6 4. O-O d5 5. c4 Bd6 6. b3 O-O 7. Bb2 Qe7 8. d4 c6 9. Nbd2 b6 10. Ne5 Bb7 11. e3 a5 12. Nd3 Na6 13. a3 Rac8 14. Qe2 Ne4 15. Rfc1 c5 16. dxc5 Naxc5 17. Nxc5 bxc5 18. Rd1 a4 19. bxa4 Ra8 20. f3 Nxd2 21. Qxd2 Rxa4 22. cxd5 exd5 23. f4 d4 24. Bxb7 Qxb7 25. exd4 Rb8 26. Qc2 Qb3 27. Qxb3+ Rxb3 28. Rd2 cxd4 29. Rc1 d3 30. Rc3 Rxc3 31. Bxc3 Rxa3 32. Rxd3 Bc7 33. Kg2 Ba5 34. Bxa5 Rxd3 35. Bc7 Rd2+ 0-1